| 000 | 00746nam a2200205 a 4500 | ||
|---|---|---|---|
| 003 | 0 | ||
| 005 | 20250317090228.0 | ||
| 008 | 071127s19uu xx 00 eng d | ||
| 050 |
_aPGS Z 1003.R43 _b.K49 2007 |
||
| 100 | _aKim, Bo Won. | ||
| 245 |
_aThe association between reading material and reading frequency / _cBo Won Kim. |
||
| 260 |
_aLas PiƱas City, Philippines : _bSouthville International School and Colleges, _c2007. |
||
| 300 |
_a48 pages : _billustrations ; _c28 cm. |
||
| 504 | _aIncludes bibliographical references. | ||
| 650 | _aReading interests. | ||
| 650 | _aReading habits. | ||
| 650 |
_aMiddle school students _vBooks and reading. |
||
| 650 |
_aLiteracy _vStudy and teaching (Middle school). |
||
| 942 |
_2lcc _cPASS |
||
| 999 |
_c97727 _d97727 |
||